The International sale of goods : (Record no. 4334)

MARC details
000 -LEADER
fixed length control field 00932cam a22002652 4500
001 - CONTROL NUMBER
control field 0000021484
005 - DATE AND TIME OF LATEST TRANSACTION
control field 20151217145938.0
008 - FIXED-LENGTH DATA ELEMENTS--GENERAL INFORMATION
fixed length control field 120613s xx 000 0 eng d
020 ## - INTERNATIONAL STANDARD BOOK NUMBER
International Standard Book Number 0199273584 :
040 ## - CATALOGING SOURCE
Original cataloging agency KABU
Transcribing agency KABU
100 1# - MAIN ENTRY--PERSONAL NAME
Personal name Bridge, Michael.
-- 0000182385
245 14 - TITLE STATEMENT
Title The International sale of goods :
Remainder of title law and practice /
Statement of responsibility, etc. Michael Bridge.
250 ## - EDITION STATEMENT
Edition statement 2nd ed.
260 ## - PUBLICATION, DISTRIBUTION, ETC. (IMPRINT)
Place of publication, distribution, etc. Oxford :
Name of publisher, distributor, etc. O.U.P,
Date of publication, distribution, etc. 2007.
300 ## - PHYSICAL DESCRIPTION
Extent lxv,770 p.
650 #0 - SUBJECT ADDED ENTRY--TOPICAL TERM
Topical term or geographic name as entry element Export sales contracts
Geographic subdivision Great Britain.
-- 0000182386
650 #0 - SUBJECT ADDED ENTRY--TOPICAL TERM
Topical term or geographic name as entry element Export sales contracts.
-- 0000158687
908 ## - PUT COMMAND PARAMETER (RLIN)
Put command parameter 120613
950 ## - LOCAL HOLDINGS (RLIN)
-- 1
Holdings
Withdrawn status Lost status Source of classification or shelving scheme Not for loan Home library Current library Date acquired Total Checkouts Full call number Barcode Date last seen Price effective from Koha item type Date last checked out
    Library of Congress Classification   Kabarak, Main Campus Kabarak, Main Campus 17/12/2015   KD1673 .B75 2007 c.2 013201 17/12/2015 17/12/2015 General Collection  
    Library of Congress Classification   Kabarak, Main Campus Kabarak, Main Campus 17/12/2015 3 KD1673 .B75 2007 c.3 021848 11/10/2019 17/12/2015 General Collection 11/10/2019
    Library of Congress Classification   Kabarak, Main Campus Kabarak, Main Campus 17/12/2015   KD1673 .B75 2007 c.4 013197 17/12/2015 17/12/2015 General Collection  
    Library of Congress Classification   Kabarak, Main Campus Kabarak, Main Campus 17/12/2015   KD1673 .B75 2007 c.5 013200 17/12/2015 17/12/2015 General Collection  
    Library of Congress Classification   Kabarak, Main Campus Kabarak, Main Campus 17/12/2015   KD1673 .B75 2007 c.1 013199 17/12/2015 17/12/2015 General Collection  
    Library of Congress Classification   Kabarak, Main Campus Kabarak, Main Campus 17/12/2015   KD1673 .B75 2013 C.1 020527 17/12/2015 17/12/2015 General Collection  
    Library of Congress Classification   Kabarak, Main Campus Kabarak, Main Campus 17/12/2015 2 KD1673 .B75 2013 C.2 020492 29/06/2017 17/12/2015 General Collection 13/06/2017
    Library of Congress Classification   Kabarak, Main Campus Kabarak, Main Campus 17/12/2015 1 KD1673 .B75 2013 C.3 020525 10/11/2022 17/12/2015 General Collection 04/11/2022
    Library of Congress Classification   Kabarak, Main Campus Kabarak, Main Campus 17/12/2015   KD1673 .B75 2013 C.4 020529 17/12/2015 17/12/2015 General Collection  
    Library of Congress Classification   Kabarak, Main Campus Kabarak, Main Campus 17/12/2015 2 KD1673 .B75 2013 C.5 020494 12/11/2019 17/12/2015 General Collection 12/11/2019
Designed with assistance from East African Informatics Ltd